| 000 | 00564nam a22001935i 4500 | ||
|---|---|---|---|
| 001 | 168515 | ||
| 003 | ES-MaACL | ||
| 005 | 20230906213817.0 | ||
| 008 | 080416s1914 xxk |||| | eng d | ||
| 100 | 1 |
_aMacKenzie, James. _9137600 |
|
| 245 | 1 | 0 |
_aDiseases of the heart / _cby James Mackenzie. |
| 250 | _a3th. ed. | ||
| 260 |
_aLondon : _bHenry Frowde, _c1914. |
||
| 300 |
_aXXIII, 502 p. : _bil. ; _c25 cm. |
||
| 490 | 1 | _aOxford medical publications | |
| 830 | 0 |
_aOxford medical publications _9222738 |
|
| 852 |
_aES-MaACL _jF-1030 |
||
| 999 |
_c168515 _d168515 |
||